Statystyki dla Państwa leżące nad Morzem Bałtyckim

Kliknij tutaj aby rozwiązać quiz!

Ogólne statystyki

  • Ten quiz został rozwiązany 3,470 razy
  • Średni wynik to 9 z 9

Statystyki odpowiedzi

Państwo % Correct
Polska
99%
Niemcy
98%
Szwecja
98%
Estonia
96%
Litwa
96%
Łotwa
96%
Rosja
96%
Dania
95%
Finlandia
95%

Rozkład punktacji

Percentyl według liczby udzielonych odpowiedzi

Procent ludzi z każdym wynikiem

Twoja historia wyników

Nie rozwiązałeś tego quizu